000
00320nam a22001337a 4500
008
181101b xxu||||| |||| 00| 0 eng d
020
_a
9781893349100
041
_a
eng
080
_a
159.9
100
_a
48
101
_a
PSI
245
_a
Living with Grieff Diversity and End-Of-Life Care
_c
Doka,K.J
942
_2
udc
_c
BK
999
_c
51474
_d
51474